000 00811aam a2200289 i 4500
001 768714001
003 CO-MdFUSB
005 20250430094546.0
007 ta
008 250430t1926 -us |||| |||| 00| 0 eng d
040 _cCO-MdFUSB
041 0 _aeng
082 0 4 _223
_a239
_bT4541h
100 1 _aThomas, W. H. Griffith (Willian Henry) (1861-1924)
_eautor
245 1 0 _aHow we got our Bible and why we believe it is god's word
_c/ W. H. Griffith Thomas
264 1 _bMoody Press,
_aChicago, USA :
_c[1926]
264 4 _c©1926
300 _a127 páginas
336 _atexto
_btxt
_2rdacontent
337 _2rdamedia
_asin mediación
_bn
338 _2rdacarrier
_avolumen
_bnc
563 _aRústico
650 7 _aApologética
_9187
942 _cBK
945 _aJTF-925
999 _c35339
_d35339